[Event "SLO-chT Central 18th"]
[Site "Slovenia"]
[Date "2017.09.28"]
[Round "3.2"]
[White "Rijavec, Stane"]
[Black "Debevec, Blaz"]
[Result "0-1"]
[WhiteElo "1881"]
[BlackElo "2196"]
[PlyCount "76"]
[EventDate "2017.09.14"]
[EventType "team-tourn"]
[EventRounds "7"]
[EventCountry "SLO"]
[SourceTitle "EXT 2019"]
[Source "ChessBase"]
[SourceDate "2018.10.10"]
[SourceVersion "1"]
[SourceVersionDate "2018.10.10"]
[SourceQuality "1"]
[WhiteTeam "Trzin Buscotrade"]
[BlackTeam "Komenda Popotnik"]
[WhiteTeamCountry "SLO"]
[BlackTeamCountry "SLO"]

1. Nf3 d6 2. d4 g6 3. g3 Bg7 4. Bg2 c5 5. 0-0 cxd4 6. Nxd4 Nf6 7. c4 0-0 8. Nc3 Nc6 9. Nxc6 bxc6 10. Bd2 Rb8 11. Rb1 Qc7 12. e4 Bg4 13. Qc2 d5 14. h3 Bd7 15. e5 Qxe5 16. Bf4 Qf5 17. Qxf5 Bxf5 18. Bxb8 Bxb1 19. Bxa7 Bd3 20. Re1 e6 21. cxd5 cxd5 22. Rd1 Bc4 23. b3 Ba6 24. b4 Nd7 25. Bd4 e5 26. Bc5 Nxc5 27. Bxd5 e4 28. bxc5 Bxc3 29. Bxe4 Rc8 30. Rc1 Bd4 31. c6 Rc7 32. Kg2 Kf8 33. h4 Ke7 34. Kf3 f5 35. Bb1 Kd6 36. Rd1 Kc5 37. g4 fxg4+ 38. Kxg4 Be2+ 0-1

[Event "SLO-chT2 West"]
[Site "Komenda"]
[Date "2016.11.13"]
[Round "5.2"]
[White "Rijavec, Stane"]
[Black "Drobnic, Milan"]
[Result "0-1"]
[WhiteElo "1909"]
[BlackElo "1892"]
[PlyCount "66"]
[EventDate "2016.11.11"]
[EventType "team-tourn"]
[EventRounds "9"]
[EventCountry "SLO"]
[SourceTitle "EXT 2019"]
[Source "ChessBase"]
[SourceDate "2018.10.10"]
[SourceVersion "1"]
[SourceVersionDate "2018.10.10"]
[SourceQuality "1"]
[WhiteTeam "Trzin"]
[BlackTeam "Loska Dolina"]
[WhiteTeamCountry "SLO"]
[BlackTeamCountry "SLO"]

1. Nf3 Nf6 2. d4 e6 3. Bf4 b6 4. e3 Bb7 5. Bd3 Be7 6. 0-0 0-0 7. Nbd2 d6 8. c3 Nbd7 9. Qe2 c5 10. Rac1 Qc7 11. e4 e5 12. Bg3 Nh5 13. Nh4 g6 14. h3 Rae8 15. Nhf3 Bf6 16. dxe5 Nxg3 17. fxg3 Bxe5 18. Ng5 Kg7 19. Bc4 Bf6 20. Nxf7 d5 21. Rxf6 Nxf6 22. Bb5 Kxf7 23. Bxe8+ Rxe8 24. Rf1 Qxg3 25. Rf3 Qe5 26. Qf1 dxe4 27. Nc4 exf3 28. Nxe5+ Rxe5 29. gxf3 Rf5 30. f4 Nd5 31. Qb5 Kg7 32. Qa4 Nxf4 33. Qxa7 Ne2+ 0-1

[Event "SLO-chT2 West"]
[Site "Komenda"]
[Date "2016.11.13"]
[Round "4.1"]
[White "Rijavec, Stane"]
[Black "Hrescak, Ivana"]
[Result "0-1"]
[WhiteElo "1909"]
[BlackElo "2173"]
[PlyCount "72"]
[EventDate "2016.11.11"]
[EventType "team-tourn"]
[EventRounds "9"]
[EventCountry "SLO"]
[SourceTitle "EXT 2019"]
[Source "ChessBase"]
[SourceDate "2018.10.10"]
[SourceVersion "1"]
[SourceVersionDate "2018.10.10"]
[SourceQuality "1"]
[WhiteTeam "Trzin"]
[BlackTeam "Postojna"]
[WhiteTeamCountry "SLO"]
[BlackTeamCountry "SLO"]

1. Nf3 Nf6 2. d4 g6 3. g3 Bg7 4. Bg2 d6 5. 0-0 0-0 6. c4 Nbd7 7. Nc3 c6 8. e4 e5 9. h3 Qb6 10. c5 dxc5 11. dxe5 Ne8 12. Be3 Nc7 13. Qc2 Qa5 14. Na4 b6 15. Nd2 Nxe5 16. f4 Nd7 17. Nc4 Qa6 18. Nd6 Nb5 19. Rfd1 Bd4 20. Bxd4 Nxd4 21. Rxd4 cxd4 22. Qxc6 Rb8 23. Bf1 d3 24. Nxc8 Rbxc8 25. Qxd7 Rfd8 26. Bxd3 Qxd3 27. Qxd3 Rxd3 28. Nc3 Rxg3+ 29. Kf2 Rxh3 30. Rd1 Rh2+ 31. Kg3 Rxb2 32. Nd5 Kf8 33. f5 gxf5 34. exf5 Re8 35. Kf4 Rxa2 36. f6 Ra5 0-1

[Event "SLO-chT Central Superliga 16th"]
[Site "Slovenia"]
[Date "2015.09.10"]
[Round "1.2"]
[White "Rijavec, Stane"]
[Black "Solmajer, Luka"]
[Result "0-1"]
[WhiteElo "1948"]
[BlackElo "2025"]
[PlyCount "51"]
[EventDate "2015.09.10"]
[EventType "team-tourn"]
[EventRounds "9"]
[EventCountry "SLO"]
[SourceTitle "EXT 2022"]
[Source "ChessBase"]
[SourceDate "2021.10.06"]
[SourceVersion "1"]
[SourceVersionDate "2021.10.06"]
[SourceQuality "1"]
[WhiteTeam "Trzin Buscotrade"]
[BlackTeam "Klinicni Center"]
[WhiteTeamCountry "SLO"]
[BlackTeamCountry "SLO"]

1. Nf3 d5 2. d4 c6 3. Bf4 Qb6 4. Qc1 Bf5 5. e3 e6 6. Be2 Nf6 7. 0-0 c5 8. c4 Nc6 9. Nc3 dxc4 10. Bxc4 Be7 11. Nb5 Rc8 12. dxc5 Qxc5 13. Be2 0-0 14. Qxc5 Bxc5 15. Rac1 Ne4 16. Nh4 Nb4 17. Nxf5 exf5 18. f3 g5 19. fxe4 gxf4 20. Nd4 fxe4 21. Rxf4 Bxd4 22. Rg4+ Kh8 23. Rf1 Bxe3+ 24. Kh1 f5 25. Rg3 f4 26. Rg4 0-1

[Event "Ljubljana-chT 68th Superliga"]
[Site "Ljubljana"]
[Date "2015.01.08"]
[Round "1.3"]
[White "Rijavec, Stane"]
[Black "Janzelj, Lara"]
[Result "1-0"]
[WhiteElo "1932"]
[BlackElo "2008"]
[PlyCount "73"]
[EventDate "2015.01.08"]
[EventType "team-tourn"]
[EventRounds "9"]
[EventCountry "SLO"]
[SourceTitle "EXT 2022"]
[Source "ChessBase"]
[SourceDate "2021.10.06"]
[SourceVersion "1"]
[SourceVersionDate "2021.10.06"]
[SourceQuality "1"]
[WhiteTeam "Trzin Buscotrade"]
[BlackTeam "Ig"]
[WhiteTeamCountry "SLO"]
[BlackTeamCountry "SLO"]

1. Nf3 d5 2. d4 Nf6 3. Bf4 Bf5 4. e3 e6 5. Bd3 Bg6 6. Ne5 Nbd7 7. c3 Bd6 8. Nxg6 hxg6 9. Bxd6 cxd6 10. Qb3 Qc7 11. Nd2 0-0 12. 0-0 Rab8 13. c4 dxc4 14. Qxc4 Qa5 15. b4 Qb6 16. Rac1 Rbc8 17. Qxc8 Rxc8 18. Rxc8+ Kh7 19. Nf3 Kh6 20. g4 Nh7 21. Rh8 Ndf8 22. h4 f6 23. Kg2 Qc6 24. Kg3 f5 25. g5+ Kh5 26. Nd2 f4+ 27. Kxf4 Qg2 28. Be2+ Kxh4 29. Nf3+ Kh3 30. Ng1+ Kh4 31. Nf3+ Kh3 32. Ng1+ Kh4 33. Nf3+ Kh3 34. Rg1 e5+ 35. dxe5 dxe5+ 36. Ke4 Qxf2 37. Bf1+ 1-0

[Event "SLO-chT2 West"]
[Site "Ljubljana"]
[Date "2013.11.17"]
[Round "9.1"]
[White "Janzelj, Tim"]
[Black "Rijavec, Stane"]
[Result "1-0"]
[WhiteElo "2287"]
[BlackElo "1938"]
[PlyCount "97"]
[EventDate "2013.11.08"]
[EventType "team"]
[EventRounds "9"]
[EventCountry "SLO"]
[SourceTitle "EXT 2015"]
[Source "ChessBase"]
[SourceDate "2014.11.20"]
[SourceVersion "1"]
[SourceVersionDate "2014.11.20"]
[SourceQuality "1"]
[WhiteTeam "Ig"]
[BlackTeam "Trzin"]
[WhiteTeamCountry "SLO"]
[BlackTeamCountry "SLO"]

1. e4 c5 2. Nf3 e6 3. d4 cxd4 4. Nxd4 Nc6 5. Nc3 Bc5 6. Nb3 Be7 7. Be3 Nf6 8. g4 d5 9. exd5 Nxd5 10. Nxd5 Qxd5 11. Qxd5 exd5 12. h3 0-0 13. 0-0-0 f5 14. g5 f4 15. Bc5 Bxc5 16. Nxc5 b6 17. Nb3 Bf5 18. Nd4 Nxd4 19. Rxd4 Be4 20. Rg1 Rac8 21. c3 Rfe8 22. Kd2 Re5 23. h4 f3 24. Bb5 Rc7 25. Re1 Kf7 26. Bd3 Rce7 27. Bxe4 dxe4 28. Ke3 Kg6 29. Kf4 Rf5+ 30. Kg4 Rfe5 31. h5+ Kf7 32. Re3 h6 33. gxh6 gxh6 34. Kf4 Rxh5 35. Rexe4 Ra5 36. a3 Rb5 37. Rb4 Rd5 38. Kxf3 Kf6 39. Rxe7 Kxe7 40. Re4+ Kf6 41. Rd4 Rb5 42. b4 h5 43. Rd7 Ke6 44. Rxa7 Rf5+ 45. Ke3 Re5+ 46. Kd3 Rf5 47. Rb7 Rxf2 48. Rxb6+ Kd7 49. a4 1-0

[Event "SLO-chT Central Superliga 14th"]
[Site "Slovenia"]
[Date "2013.11.14"]
[Round "7.3"]
[White "Rijavec, Stane"]
[Black "Zupec, Jan"]
[Result "1-0"]
[WhiteElo "1938"]
[BlackElo "1985"]
[PlyCount "89"]
[EventDate "2013.09.19"]
[EventType "team-tourn"]
[EventRounds "9"]
[EventCountry "SLO"]
[SourceTitle "EXT 2022"]
[Source "ChessBase"]
[SourceDate "2021.10.06"]
[SourceVersion "1"]
[SourceVersionDate "2021.10.06"]
[SourceQuality "1"]
[WhiteTeam "Trzin Buscotrade"]
[BlackTeam "Ig"]
[WhiteTeamCountry "SLO"]
[BlackTeamCountry "SLO"]

1. Nf3 g6 2. d4 d6 3. g3 Nd7 4. c4 e5 5. Nc3 Bg7 6. Bg2 exd4 7. Nxd4 Ngf6 8. 0-0 0-0 9. e4 c6 10. h3 Qe7 11. Re1 Nc5 12. Qc2 Nfd7 13. Be3 Ne5 14. Qe2 Be6 15. Nxe6 Qxe6 16. Bxc5 dxc5 17. Bf1 Rfd8 18. f4 Nd7 19. Rad1 Nf8 20. Qg4 Qxg4 21. hxg4 Rd4 22. g5 Rad8 23. Kf2 Ne6 24. e5 h6 25. gxh6 Bxh6 26. b3 g5 27. f5 Ng7 28. g4 Ne8 29. Ke3 Bg7 30. f6 Nxf6 31. exf6 Bxf6 32. Kf3 Rf4+ 33. Kg3 Rxd1 34. Nxd1 Bd4 35. Bd3 Kf8 36. Rf1 Rxf1 37. Bxf1 Ke7 38. Kf3 Ke6 39. Ke4 f6 40. Ne3 Bxe3 41. Kxe3 f5 42. Bh3 fxg4 43. Bxg4+ Kd6 44. Ke4 a5 45. a4 1-0

[Event "SLO-chT2 West"]
[Site "Ljubljana"]
[Date "2013.11.09"]
[Round "2.1"]
[White "Brezovar, Matjaz"]
[Black "Rijavec, Stane"]
[Result "1-0"]
[WhiteElo "2244"]
[BlackElo "1938"]
[PlyCount "67"]
[EventDate "2013.11.08"]
[EventType "team"]
[EventRounds "9"]
[EventCountry "SLO"]
[SourceTitle "EXT 2015"]
[Source "ChessBase"]
[SourceDate "2014.11.20"]
[SourceVersion "1"]
[SourceVersionDate "2014.11.20"]
[SourceQuality "1"]
[WhiteTeam "Dolenjske Toplice"]
[BlackTeam "Trzin"]
[WhiteTeamCountry "SLO"]
[BlackTeamCountry "SLO"]

1. Nf3 d5 2. c4 e6 3. b3 Nf6 4. g3 c5 5. e3 Nc6 6. Bb2 Be7 7. Bg2 0-0 8. 0-0 dxc4 9. bxc4 Qd3 10. Qc1 Na5 11. Ne5 Qd8 12. Qc3 Qc7 13. d3 Rd8 14. Nd2 Ne8 15. f4 Nc6 16. Nxc6 bxc6 17. Nf3 Rb8 18. Rab1 a5 19. Ba1 Ba6 20. Ne5 Bf6 21. Qc2 Bxe5 22. fxe5 g6 23. g4 Ng7 24. Bc3 h5 25. h3 hxg4 26. hxg4 Rxb1 27. Rxb1 Rb8 28. Rf1 Qe7 29. Qf2 Rf8 30. Qf6 Qd7 31. Be4 Ra8 32. Kg2 Ne8 33. Qh4 Rb8 34. Qh6 1-0

[Event "SLO-chT Central Superliga 14th"]
[Site "Slovenia"]
[Date "2013.10.24"]
[Round "5.4"]
[White "Juhant, Igor"]
[Black "Rijavec, Stane"]
[Result "1/2-1/2"]
[WhiteElo "1971"]
[BlackElo "1938"]
[PlyCount "91"]
[EventDate "2013.09.19"]
[EventType "team-tourn"]
[EventRounds "9"]
[EventCountry "SLO"]
[SourceTitle "EXT 2022"]
[Source "ChessBase"]
[SourceDate "2021.10.06"]
[SourceVersion "1"]
[SourceVersionDate "2021.10.06"]
[SourceQuality "1"]
[WhiteTeam "Komenda Popotnik"]
[BlackTeam "Trzin Buscotrade"]
[WhiteTeamCountry "SLO"]
[BlackTeamCountry "SLO"]

1. e4 c5 2. Nf3 d6 3. Bb5+ Bd7 4. Bxd7+ Nxd7 5. 0-0 Ngf6 6. d3 e6 7. h3 Be7 8. Be3 0-0 9. c3 c4 10. Re1 cxd3 11. Qxd3 Qc7 12. Nbd2 a6 13. Bd4 Rfd8 14. Qc2 Rac8 15. e5 dxe5 16. Nxe5 Bc5 17. Bxc5 Qxc5 18. Ndf3 b5 19. Rad1 Nxe5 20. Rxe5 Qc4 21. Rxd8+ Rxd8 22. b3 Qc7 23. Re3 Rc8 24. c4 Qf4 25. g3 Qc7 26. Nd2 Nd5 27. Re4 Qa5 28. Rh4 h6 29. Ne4 Qe1+ 30. Kg2 Nb4 31. Qb2 Rd8 32. Rg4 g6 33. Qf6 Rd1 34. Rxg6+ fxg6 35. Qxg6+ Kf8 36. Qf6+ Ke8 37. Qxe6+ Kd8 38. Qb6+ Kc8 39. Qe6+ Kc7 40. Qe5+ Kb7 41. Qe7+ Kc6 42. Qe6+ Kc7 43. Qe5+ Kd7 44. Qf5+ Kc6 45. Qe6+ Kc7 46. Qe5+ 1/2-1/2

[Event "Ljubljana-chT 66th 1st League"]
[Site "Ljubljana"]
[Date "2013.03.07"]
[Round "7.3"]
[White "Rijavec, Stane"]
[Black "Majcen, Zoran"]
[Result "1/2-1/2"]
[WhiteElo "1900"]
[BlackElo "1834"]
[PlyCount "24"]
[EventDate "2013.01.10"]
[EventType "team-tourn"]
[EventRounds "9"]
[EventCountry "SLO"]
[SourceTitle "EXT 2022"]
[Source "ChessBase"]
[SourceDate "2021.10.06"]
[SourceVersion "1"]
[SourceVersionDate "2021.10.06"]
[SourceQuality "1"]
[WhiteTeam "Trzin Buscotrade"]
[BlackTeam "Bor Dob"]
[WhiteTeamCountry "SLO"]
[BlackTeamCountry "SLO"]

1. Nf3 d5 2. d4 Nf6 3. Bf4 Bf5 4. e3 e6 5. Bd3 Bxd3 6. Qxd3 a6 7. Nbd2 Bd6 8. Bg5 Nc6 9. c3 h6 10. Bh4 g5 11. Bg3 Bxg3 12. hxg3 g4 1/2-1/2

[Event "Ljubljana-chT 66th 1st League"]
[Site "Ljubljana"]
[Date "2013.02.07"]
[Round "4.4"]
[White "Rijavec, Stane"]
[Black "Gorsic, Jure"]
[Result "1-0"]
[WhiteElo "1900"]
[BlackElo "1843"]
[PlyCount "41"]
[EventDate "2013.01.10"]
[EventType "team-tourn"]
[EventRounds "9"]
[EventCountry "SLO"]
[SourceTitle "EXT 2022"]
[Source "ChessBase"]
[SourceDate "2021.10.06"]
[SourceVersion "1"]
[SourceVersionDate "2021.10.06"]
[SourceQuality "1"]
[WhiteTeam "Trzin Buscotrade"]
[BlackTeam "Klinicni Center II"]
[WhiteTeamCountry "SLO"]
[BlackTeamCountry "SLO"]

1. Nf3 Nf6 2. d4 d5 3. Bf4 Bg4 4. e3 e6 5. Be2 Bd6 6. Bg3 Bxg3 7. hxg3 0-0 8. Nbd2 c5 9. Ne5 Bxe2 10. Qxe2 cxd4 11. exd4 Qb6 12. 0-0-0 Qxd4 13. Rh4 Qb6 14. Rdh1 Nc6 15. Rxh7 g6 16. R7h4 Nd4 17. Qe3 Nf5 18. Qg5 Kg7 19. Nd7 Qd8 20. Qxf6+ Qxf6 21. Rh7+ 1-0

[Event "Ljubljana-chT 66th 1st League"]
[Site "Ljubljana"]
[Date "2013.01.24"]
[Round "3.3"]
[White "Rijavec, Stane"]
[Black "Grabovac, Rajko"]
[Result "1-0"]
[WhiteElo "1900"]
[BlackElo "1868"]
[PlyCount "141"]
[EventDate "2013.01.10"]
[EventType "team-tourn"]
[EventRounds "9"]
[EventCountry "SLO"]
[SourceTitle "EXT 2022"]
[Source "ChessBase"]
[SourceDate "2021.10.06"]
[SourceVersion "1"]
[SourceVersionDate "2021.10.06"]
[SourceQuality "1"]
[WhiteTeam "Trzin Buscotrade"]
[BlackTeam "Zeleznicar"]
[WhiteTeamCountry "SLO"]
[BlackTeamCountry "SLO"]

1. Nf3 e6 2. d4 d5 3. Bf4 Nf6 4. e3 Nc6 5. c3 h6 6. Nbd2 Bd6 7. Bg3 Ne4 8. Nxe4 dxe4 9. Nd2 Bxg3 10. hxg3 Qd5 11. Qg4 Bd7 12. Qxg7 0-0-0 13. Bc4 Qf5 14. g4 Qa5 15. Rh5 f5 16. gxf5 Rdg8 17. Qf6 Rf8 18. Qh4 Rxf5 19. Rxh6 Rxh6 20. Qxh6 Nd8 21. g4 Rf7 22. Nxe4 Qa4 23. Bb3 Qc6 24. d5 exd5 25. Qxc6 bxc6 26. Ng5 Rg7 27. f4 Bxg4 28. Kf2 Bf5 29. Rh1 Nf7 30. Nxf7 Rxf7 31. Rh6 Kb7 32. Ba4 Bd7 33. Bb3 Bf5 34. c4 Be4 35. Rh5 d4 36. Re5 dxe3+ 37. Kxe3 Bb1 38. c5 Rh7 39. f5 Rh2 40. f6 Bg6 41. f7 Bxf7 42. Bxf7 Rxb2 43. Kd3 Rg2 44. Bc4 Rg3+ 45. Re3 Rg5 46. Kd4 Rg4+ 47. Kc3 Rg1 48. Kb4 Rg5 49. a4 a5+ 50. Kxa5 Rxc5+ 51. Kb4 Rg5 52. a5 Rh5 53. Rf3 Re5 54. Bd3 Rd5 55. Bc4 Re5 56. Rf6 Rg5 57. Bd3 Rd5 58. Bc4 Re5 59. Re6 Rg5 60. Bd3 Rd5 61. Be4 Rb5+ 62. Ka4 Rc5 63. Bd3 Rd5 64. Bc4 Rg5 65. Re8 Rf5 66. a6+ Ka7 67. Rc8 Re5 68. Rxc7+ Kb6 69. Rh7 Kc5 70. a7 Re1 71. Ba2 1-0

[Event "SLO-chT2 West"]
[Site "Ljubljana"]
[Date "2012.10.20"]
[Round "3.2"]
[White "Kodric, Vladimir"]
[Black "Rijavec, Stane"]
[Result "1/2-1/2"]
[WhiteElo "1946"]
[BlackElo "1901"]
[PlyCount "94"]
[EventDate "2012.10.19"]
[EventType "team-tourn"]
[EventRounds "9"]
[EventCountry "SLO"]
[SourceTitle "EXT 2022"]
[Source "ChessBase"]
[SourceDate "2021.10.06"]
[SourceVersion "1"]
[SourceVersionDate "2021.10.06"]
[SourceQuality "1"]
[WhiteTeam "Loska Dolina"]
[BlackTeam "Trzin Buscotrade"]
[WhiteTeamCountry "SLO"]
[BlackTeamCountry "SLO"]

1. d4 d5 2. c3 Nf6 3. Bf4 e6 4. Nd2 Bd6 5. Bg5 c5 6. e3 Nc6 7. Bd3 0-0 8. Ngf3 e5 9. dxe5 Nxe5 10. Nxe5 Bxe5 11. Nf3 Bd6 12. 0-0 Be6 13. Qc2 h6 14. Bh4 Be7 15. Bf5 Qd7 16. Bxe6 Qxe6 17. Rad1 Rad8 18. Rfe1 Rfe8 19. Bg3 Ne4 20. Nd2 h5 21. Nxe4 dxe4 22. h3 Bf6 23. c4 h4 24. Bh2 g5 25. Qe2 Kg7 26. b3 Bc3 27. Rxd8 Rxd8 28. Rd1 Rd7 29. Rxd7 Qxd7 30. Qg4 Qe7 31. Qf5 f6 32. Qd5 Be5 33. Bxe5 Qxe5 34. Qxb7+ Kg6 35. Qd5 Qxd5 36. cxd5 f5 37. f4 g4 38. Kf1 Kf6 39. Ke2 Ke7 40. hxg4 fxg4 41. f5 Kd7 42. f6 Kd6 43. a3 a5 44. a4 Kd7 45. Kf2 Kd6 46. Kg1 Kd7 47. g3 h3 1/2-1/2

[Event "SLO-chT Central 1st League 12th"]
[Site "Slovenia"]
[Date "2011.09.29"]
[Round "3.3"]
[White "Semeja, Mirko"]
[Black "Rijavec, Stane"]
[Result "0-1"]
[WhiteElo "1717"]
[BlackElo "1963"]
[PlyCount "118"]
[EventDate "2011.09.08"]
[EventType "team-tourn"]
[EventRounds "9"]
[EventCountry "SLO"]
[SourceTitle "EXT 2022"]
[Source "ChessBase"]
[SourceDate "2021.10.06"]
[SourceVersion "1"]
[SourceVersionDate "2021.10.06"]
[SourceQuality "1"]
[WhiteTeam "Kamnik DU"]
[BlackTeam "Trzin Buscotrade"]
[WhiteTeamCountry "SLO"]
[BlackTeamCountry "SLO"]

1. e4 c5 2. Nf3 d6 3. d4 cxd4 4. Nxd4 Nf6 5. Nc3 a6 6. Be2 e6 7. Be3 Be7 8. 0-0 Qc7 9. a4 b6 10. Qd2 Nbd7 11. Nb3 Bb7 12. f3 0-0 13. Rac1 Rfd8 14. Rfd1 d5 15. exd5 Nxd5 16. Nxd5 Bxd5 17. Qe1 Bf6 18. c4 Bb7 19. Rc2 Bc6 20. Ra1 Nc5 21. Nxc5 bxc5 22. a5 Rab8 23. Bxc5 Bxb2 24. Bb6 Rxb6 25. axb6 Qxb6+ 26. c5 Qb3 27. Rxb2 Qxb2 28. Rd1 Rxd1 29. Qxd1 g6 30. Bxa6 Qc3 31. h3 Qxc5+ 32. Kh1 Bd5 33. Bd3 Qd4 34. Qc2 Kg7 35. Kh2 Kf6 36. Kh1 h5 37. Kh2 Kg5 38. Be4 Bxe4 39. Qc1+ Kf5 40. g4+ hxg4 41. hxg4+ Ke5 42. Qg5+ f5 43. f4+ Kd5 44. Qd8+ Kc4 45. Qc7+ Kd3 46. Kh3 Qh8+ 47. Kg3 Qc3 48. Qd6+ Ke2+ 49. Kh4 Qf3 50. gxf5 exf5 51. Kg5 Qg4+ 52. Kf6 Kf3 53. Qd1+ Kxf4 54. Qd2+ Kg3 55. Qe3+ Kg2 56. Qd2+ Kh3 57. Kg7 f4 58. Qc3+ f3 59. Qd2 Kg3 0-1

[Event "Ljubljana-chT 64th 1st League"]
[Site "Ljubljana"]
[Date "2011.02.19"]
[Round "5.3"]
[White "Borstnik, Ales"]
[Black "Rijavec, Stane"]
[Result "0-1"]
[WhiteElo "1794"]
[BlackElo "1964"]
[PlyCount "58"]
[EventDate "2011.01.13"]
[EventType "team-tourn"]
[EventRounds "9"]
[EventCountry "SLO"]
[SourceTitle "EXT 2022"]
[Source "ChessBase"]
[SourceDate "2021.10.06"]
[SourceVersion "1"]
[SourceVersionDate "2021.10.06"]
[SourceQuality "1"]
[WhiteTeam "Podpec GB71"]
[BlackTeam "Trzin Buscotrade"]
[WhiteTeamCountry "SLO"]
[BlackTeamCountry "SLO"]

1. e4 c5 2. Nf3 d6 3. d4 cxd4 4. Nxd4 Nf6 5. Nc3 a6 6. Be3 e6 7. f3 Be7 8. Qd2 b5 9. a3 Bb7 10. 0-0-0 d5 11. exd5 Nxd5 12. Nxd5 Bxd5 13. Kb1 0-0 14. Bd3 Nd7 15. h4 Rb8 16. Be4 Nf6 17. Bxd5 Qxd5 18. Qa5 Qb7 19. g4 b4 20. a4 Nd5 21. Bg5 Bd6 22. Nb3 Rfc8 23. Rd3 h6 24. Bd2 Rc4 25. Be3 Bc7 26. Nc5 Bxa5 27. Nxb7 Rxb7 28. Rhd1 Nc3+ 29. bxc3 bxc3+ 0-1

[Event "SLO-chT Central 1st League 11th"]
[Site "Slovenia"]
[Date "2010.11.21"]
[Round "9.2"]
[White "Sedlar, Tomo"]
[Black "Rijavec, Stane"]
[Result "1/2-1/2"]
[WhiteElo "1754"]
[BlackElo "1976"]
[PlyCount "23"]
[EventDate "2010.09.09"]
[EventType "team-tourn"]
[EventRounds "9"]
[EventCountry "SLO"]
[SourceTitle "EXT 2022"]
[Source "ChessBase"]
[SourceDate "2021.10.06"]
[SourceVersion "1"]
[SourceVersionDate "2021.10.06"]
[SourceQuality "1"]
[WhiteTeam "Barob Smarca"]
[BlackTeam "Trzin Pekos Pub"]
[WhiteTeamCountry "SLO"]
[BlackTeamCountry "SLO"]

1. d4 d5 2. c4 dxc4 3. Nc3 c5 4. d5 e6 5. e4 Nf6 6. Bxc4 exd5 7. Bxd5 Nxd5 8. Qxd5 Qxd5 9. Nxd5 Bd6 10. Ne2 Be6 11. Nec3 Bxd5 12. Nxd5 1/2-1/2

[Event "Ljubljana-chT 63rd 1st League"]
[Site "Ljubljana"]
[Date "2010.01.07"]
[Round "1.1"]
[White "Rijavec, Stane"]
[Black "Troha, Bogomir"]
[Result "1/2-1/2"]
[WhiteElo "1982"]
[BlackElo "1956"]
[PlyCount "22"]
[EventDate "2010.01.07"]
[EventType "team-tourn"]
[EventRounds "9"]
[EventCountry "SLO"]
[SourceTitle "EXT 2022"]
[Source "ChessBase"]
[SourceDate "2021.10.06"]
[SourceVersion "1"]
[SourceVersionDate "2021.10.06"]
[SourceQuality "1"]

1. d4 d5 2. Nf3 Nf6 3. e3 e6 4. Be2 Be7 5. 0-0 0-0 6. Nbd2 Nbd7 7. b3 b6 8. Bb2 Bb7 9. h3 h6 10. a4 a5 11. Rc1 Rc8 1/2-1/2

[Event "Ljubljana-chT"]
[Site "Gostovanja"]
[Date "2009.03.12"]
[Round "9.1"]
[White "Rijavec, Stane"]
[Black "Semrl, Marjan"]
[Result "0-1"]
[WhiteElo "2048"]
[BlackElo "2181"]
[PlyCount "38"]
[EventDate "2009.01.08"]
[EventType "team-tourn"]
[EventRounds "9"]
[EventCountry "SLO"]
[SourceTitle "EXT 2011"]
[Source "ChessBase"]
[SourceDate "2010.11.26"]
[SourceVersion "1"]
[SourceVersionDate "2010.11.26"]
[SourceQuality "1"]

1. Nf3 d5 2. d4 Bf5 3. Bf4 e6 4. e3 Bd6 5. Bg3 Nf6 6. Bd3 Bg6 7. 0-0 Nbd7 8. c4 Bxg3 9. hxg3 c6 10. Nc3 0-0 11. Bxg6 hxg6 12. Ne5 Nxe5 13. dxe5 Nd7 14. cxd5 cxd5 15. f4 Qb6 16. Qd4 Rfc8 17. Qxb6 Nxb6 18. Kf2 Nc4 19. Rab1 Nd2 0-1

[Event "Ljubljana-chT"]
[Site "Gostovanja"]
[Date "2009.01.29"]
[Round "4.2"]
[White "Rijavec, Stane"]
[Black "Sivic, Klemen"]
[Result "0-1"]
[WhiteElo "2048"]
[BlackElo "2042"]
[PlyCount "138"]
[EventDate "2009.01.08"]
[EventType "team-tourn"]
[EventRounds "9"]
[EventCountry "SLO"]
[SourceTitle "EXT 2011"]
[Source "ChessBase"]
[SourceDate "2010.11.26"]
[SourceVersion "1"]
[SourceVersionDate "2010.11.26"]
[SourceQuality "1"]

1. Nf3 d5 2. d4 Nf6 3. Bf4 Bf5 4. e3 c6 5. Bd3 Bg6 6. 0-0 e6 7. c3 Bd6 8. Bg3 Bxg3 9. hxg3 Nbd7 10. Qe2 Qc7 11. Nbd2 Be4 12. Ng5 Bxd3 13. Qxd3 c5 14. Rac1 h6 15. Ngf3 0-0 16. c4 Qb6 17. cxd5 Nxd5 18. dxc5 Nxc5 19. Qd4 Rac8 20. Nc4 Qa6 21. e4 Nf6 22. Nd6 Rfd8 23. Rxc5 Rxc5 24. Qxc5 Rxd6 25. Qc8+ Kh7 26. e5 Rc6 27. Qf8 Ng4 28. Qxf7 Qb6 29. Qh5 Qb4 30. a3 g6 31. Qh4 Qc4 32. b3 Qxb3 33. Qxg4 Qxa3 34. Nh4 g5 35. Qe4+ Kh8 36. Ng6+ Kg7 37. Rd1 Rc1 38. Rxc1 Qxc1+ 39. Kh2 Qc7 40. f4 Qf7 41. g4 Qxg6 42. f5 Qf7 43. Qc4 b5 44. f6+ Kh7 45. Qxb5 h5 46. gxh5 Qxh5+ 47. Kg1 Qd1+ 48. Kf2 Qd4+ 49. Kf1 Qd1+ 50. Kf2 Qd4+ 51. Kf1 Kh6 52. Qb8 Qd1+ 53. Kf2 Qd2+ 54. Kf3 Qd3+ 55. Kf2 g4 56. Qg8 Qd4+ 57. Kf1 Qf4+ 58. Kg1 Qe3+ 59. Kf1 g3 60. Qg7+ Kh5 61. Qh7+ Kg5 62. Qc2 Qf4+ 63. Kg1 Qxe5 64. Qd2+ Kxf6 65. Qd8+ Kf5 66. Qf8+ Ke4 67. Qf3+ Kd4 68. Qd1+ Kc5 69. Qc1+ Kd5 0-1